| 000 | 00679nam a22001817a 4500 | ||
|---|---|---|---|
| 005 | 20100927160338.0 | ||
| 008 | 100927t xxu||||| |||| 00| 0 eng d | ||
| 020 |
_a81-243-1277-X _c100.00 |
||
| 035 | _aB-190334 | ||
| 082 | _a921 | ||
| 100 |
_aLaxman, Srinivas _922092 |
||
| 245 |
_aDreams to reality : _ba biography of A. P. J. Abdulkalam _cby Srinivas Laxman ; illustrated by Prabhakar Wairkar |
||
| 260 |
_aMumbai _bNavneet Publications _c2006 |
||
| 300 |
_a112p. _b22cm. (Hb) _cillu. |
||
| 700 |
_aWairkar, Prabhakar _922093 |
||
| 942 |
_2ddc _cEN _h921 _mABD |
||
| 999 |
_c47856 _d47856 |
||